000 00502nam a2200169 i 4500
001 27822
003 ES-MaACL
005 20230906153720.0
007 t|
008 170303s1857 sp ||||1| spa d
110 1 _aBarcelona.
_bAyuntamiento.
_92143
245 1 0 _aOrdenanzas municipales de Barcelona.
260 _aBarcelona :
_b[s.n.],
_c1857 (
_fImp. Nueva)
300 _a103 p. ;
_c17 cm.
650 4 _aOrdenanzas municipales-
_zBarcelona.
_9161953
852 _aES-MaACL
_jT-1298-F-3
_z.- Donat. Bosch
999 _c27822
_d27822